000 00706nam a2200253Ia 4500
003 OSt
005 20220924114948.0
006 a|||||r|||| 00| 0
007 ta
008 220923b |||||||| |||| 00| 0 san d
024 _a38625
037 _cTextual
040 _aARTS
_cARTS
_bsan
041 _2san
_asan
082 _aO15:gxE50,1,1, K1
100 _aKutaka Rajanka
_9176260
245 0 _aVakrokti jivita
_b a treatise on Sanskrit poetics
250 _a3rd
260 _aCalcutta
_bFirma K.L. Mukhopadhyay India
_c1961
300 _a260p.
_ccm.
650 _aSANSKRIT LITERATURE
942 _hO15:gxE50,1,1, K1
_cTEXL
_2CC
999 _c396180
_d396180